Stopnie w Państwowej Straży Pożarnej - Statystyki

Ogólne statystyki
  • Ten quiz został rozwiązany 383 razy
  • Średni wynik to 16 z 19
Statystyki odpowiedzi
Korpus Stopień % Poprawnych
szeregowych strażak
93%
szeregowych starszy strażak
92%
aspirantów aspirant
89%
podoficerów ogniomistrz
87%
aspirantów młodszy aspirant
86%
oficerów kapitan
85%
aspirantów starszy aspirant
85%
oficerów brygadier
84%
podoficerów starszy ogniomistrz
83%
podoficerów młodszy ogniomistrz
82%
oficerów młodszy kapitan
80%
oficerów młodszy brygadier
79%
oficerów starszy brygadier
79%
oficerów starszy kapitan
79%
aspirantów aspirant sztabowy
78%
oficerów nadbrygadier
76%
podoficerów sekcyjny
73%
podoficerów starszy sekcyjny
72%
oficerów generał brygadier
70%
Nie znaleziono quizów pasujących do podanych kryteriów
Rozkład punktacji
Procent ludzi z każdym wynikiem
Percentyl według liczby udzielonych odpowiedzi
Twoja historia wyników
Nie rozwiązałeś tego quizu